000 01170cam a2200229 4500
001 ABS62899
008 000000n2000 000 0 eng u
035 _a(Sirsi) u108653
245 _aR v Braintree DC ex p Halls
260 _c2000
490 _aEstates Gazette
_v[2000] 36 EG 164-170(7)
520 _aCA 1 March 2000. Appellant, R, was the owner of a house purchased under the right to buy provisions of the Housing Act 1985. The conveyance contained a restrictive covenant restricting the property to use as a single private dwelling house. B granted planning permission to erect a further house in the garden of the property and agreed they would release the restrictive covenant upon a payment of a sum equivalent to 90% of the open-market value of the plot. R's application for judicial review of B's decision was dismissed. R appealed. Appeal allowed.
590 _aABS
650 _aR V BRAINTREE DC EX P HALLS
650 _aHOUSING ACT 1985
650 _aRIGHT TO BUY
650 _aRESTRICTIVE COVENANT
650 _aPLANNING PERMISSION
650 _aOPEN MARKET VALUE
690 _aLANDLORD AND TENANT-LEASEHOLD REFORM-CASE LAW
942 _n0
999 _c64867
_d64867